| 000 | 00576nam a2200193Ia 4500 | ||
|---|---|---|---|
| 999 |
_c30148 _d30148 |
||
| 003 | OSt | ||
| 005 | 20201231114310.0 | ||
| 008 | 190216s9999||||xx |||||||||||||| ||und|| | ||
| 020 | _a9789383498055 | ||
| 040 | _coclc | ||
| 082 |
_a494.81282421 _bGIR/M |
||
| 100 |
_aGireesh, P M _96968 |
||
| 245 | 0 |
_aMalayalam : _bSwatavum Vinimayavum / _cP M Gireesh |
|
| 250 | _a1st Ed. | ||
| 260 |
_bVallathol Vidya Peetham / _c2013. _aKottayam: |
||
| 300 | _a152p | ||
| 650 | _aMalayalam Literaturte | ||
| 942 |
_cBK _2ddc _h494.81282421 _iGIR/M _k494.81282421 _mGIR/M |
||